| 000 | 01391cam a2200241 4500 | ||
|---|---|---|---|
| 001 | ABS67799 | ||
| 008 | 040528n2004 000 0 eng u | ||
| 035 | _a(Sirsi) u126312 | ||
| 100 | _aWatt, R. | ||
| 245 | _aMerlin and the mason: balancing new technology and tradition | ||
| 260 | _c2004 | ||
| 490 |
_aJournal of Architectural Conservation _v10(1) March 2004, 7-21(15) |
||
| 520 | _aExplores the wide range of problems that arise in the conservation of historic masonry buildings. Many of the problems are caused by the departure from traditional materials and their uses, which are particularly common in the buildings of the late 19th and 20th centuries. Other examples include the unusual use of materials in former centuries where the actual construction details and specifications do not appear to have been written down, and where the essential craft or trade knowledge was usually passed from master mason to new mason by word of mouth. Reviews projects ranging from the 16th to the 20th centuries, demonstrating some of the positive and problematic aspects of multi-disciplinary approaches to conservation. [Taken from journal abstract]. | ||
| 590 | _aABS | ||
| 590 | _aABS | ||
| 650 | _aHISTORIC BUILDINGS | ||
| 650 | _aMASONS | ||
| 650 | _aMASONRY | ||
| 650 | _aTRADITIONAL MATERIALS | ||
| 690 | _aBUILDING CONSERVATION | ||
| 700 | _aWeaver, M. | ||
| 942 | _n0 | ||
| 999 |
_c117414 _d117414 |
||